000 00297nam a22001337a 4500
008 170823b xxu||||| |||| 00| 0 eng d
020 _a3540501134
041 _aeng
080 _a514
100 _a38
101 _aMAT
245 _aGEOMETRY AND ANALYSIS ON MANIFOLDS
_cDOLD,A
942 _2udc
_cBK
999 _c24656
_d24656